000 01481cam a22002891 4500
999 _c20329
_d20329
001 7347081
003 BDDh-ASL
005 20231015025856.0
008 750507s19601931enkaf b 001 0 eng
010 _a 31034509
035 _a(OCoLC)1316552
040 _aDLC
_cFO
_dOCoLC
_dDLC
_dBDDh-ASL
042 _apremarc
050 0 0 _aD199.3
_b.A7
082 _a297.09
_bARL
100 1 _aArnold, Thomas Walker,
_cSir,
_d1864-1930,
_eed.
245 1 4 _aThe legacy of Islam /
_cedited by the late Sir Thomas Arnold ... and Alfred Guillaume ...
260 _aOxford:
_bThe Clarendon press,
_c1960.
300 _axvi, 416 p.
_bfront., illus., plates.
_c19 cm.
504 _aContains bibliographies.
505 0 _aSpain and Portugal, by J. B. Trend.--The crusades, by Ernest Baker.--Geography and commerce, by J. H. Kramera--Islamic minor arts and their influence upon European work, by A. H. Christie.--Islamic art and its influence on painting in Europe, by the late Sir Thomas Arnold.- Architecture, by M. S. Briggs.--Literature, by H. A. R. Gibb.--Mysticism, by R. A. Nicholson.--Philosophy and theology, by Alfred Guillaume.-- Law and society, by David de Santillana.--Science and medicine, by Max Meyerhof.--Music, by H. G. Farmer.--Astronomy and mathematics, by Baron Carra de Vauz.--Index.
650 0 _aIslamic civilization.
650 0 _aIslam.
700 1 _aGuillaume, Alfred,
_d1888-
_ejoint ed.
906 _a7
_bcbc
_coclcrpl
_du
_encip
_f19
_gy-gencatlg
942 _2ddc
_cBK